Anagrammes - Vocabulaire - Série 11 - Statistiques

Statistiques générales
  • Ce quiz a été pris 183 fois
  • Le résultat moyen est 12 sur 16
Statistiques - réponses
Indice Anagramme Mot % Correct
organe NIER rein
97%
aisé CHERI riche
96%
animal SIGNE singe
93%
meuble BALTE table
92%
serviette LIGNE linge
91%
marque DIRE ride
90%
sac SALIVE valise
89%
arme ABERS sabre
88%
gâteau PERCE crepe
78%
transport MORTE metro
68%
cacher VIOLER voiler
67%
poisson TAREE arete
65%
note COCHER croche
64%
trouver DEVENIR deviner
58%
bâton ACIER craie
47%
poing CREDIT direct
40%
Aucun quiz correspondant
Distribution des résultats
% des personnes avec chaque résultat
Percentile par nombre de réponses
Votre historique - résultats
Vous n’avez pas pris ce quiz